La "cuestión social" en Chile. Ideas y debates precursores (1804-1902).

Enregistré dans:
Détails bibliographiques
Auteur principal: Grez Toso, Sergio Santiago (recopilación y estudio crítico)
Format: Livre
Langue:espagnol
Publié: Santiago, Chile: Dirección de Bibliotecas, Archivos y Museos (DIBAM); Centro de Investigaciones Diego Barros Arana, 1995.
Collection:Colección Fuentes Para la Historia de la República, v. VII.
Sujets:
Tags: Ajouter un tag
Pas de tags, Soyez le premier à ajouter un tag!

MARC

LEADER 00000nam a2200000 a 4500
001 UCP8433
003 CL-VaPUC
005 20240402113138.0
008 000303e19950000CL |||||||||||||||||spa|d
999 |c 285330  |d 285328 
020 |a 956-244-039-7 
040 |c Pontificia Universidad Católica de Valparaíso 
082 0 4 |a 983 GRE 1995  |2 21 
100 1 |a Grez Toso, Sergio Santiago   |e recopilación y estudio crítico  |9 888113 
245 1 4 |a La "cuestión social" en Chile.  |b Ideas y debates precursores (1804-1902). 
260 |a Santiago, Chile:  |b Dirección de Bibliotecas, Archivos y Museos (DIBAM);  |b Centro de Investigaciones Diego Barros Arana,   |c 1995. 
300 |a 577 páginas. 
490 0 |a Colección Fuentes Para la Historia de la República,  |v v. VII. 
500 |a c.3 Donación Familia Prof. Alejandro Guzmán Brito. 
583 |a last modification  |c 20000303 00:00:00  |k Rodrigo Vera 
650 0 |a Historia  |z Chile  |y Siglos 19-20  |9 255047 
852 |a BIBCUR 
942 |c BK  |2 ddc  |n 0 
945 |d 20000303 00:00:00  |a rbrito 
952 |0 0  |1 0  |2 ddc  |4 0  |6 983_000000000000000_GRE_1995  |7 0  |8 A  |9 329863  |a BIBHIS  |b BIBHIS  |d 2019-11-20  |i 3587592  |l 1  |m 11  |o 983 GRE 1995  |p 3587592  |r 2024-05-03  |s 2022-06-13  |t 1  |w 2019-11-20  |y BK  |k HIS 
952 |0 0  |1 0  |2 ddc  |4 0  |6 983_000000000000000_GRE_1995  |7 0  |8 A  |9 329864  |a BIBHIS  |b BIBHIS  |d 2019-11-20  |i 311922K  |l 6  |m 4  |o 983 GRE 1995  |p 311922K  |r 2025-01-20  |s 2023-06-20  |t 2  |w 2019-11-20  |y BK  |k HIS